000 00241nam a22000857a 4500
008 160827b xxu||||| |||| 00| 0 eng d
100 _9246
_aSally V.K
245 _aLearning Elementary Science
260 _aNew Delhi
_bGoyal Brothers publication
_c2008
999 _c2902
_d2902